000 01324cam a22003015a 4500
001 18875523
005 20171031122523.0
008 151130s2016 nyua frb f001 0 eng d
020 _a9780521741217
040 _aIEN/DLC
_beng
_cIEN
_dEG-ScBUE
082 0 4 _a305.40960904
_222
_bBER
100 1 _aBerger, Iris,
_d1941-
245 1 0 _aWomen in twentieth-century Africa /
_cIris Berger.
260 _aCambridge :
_bCambridge University Press,
_c2016.
300 _axvi, 233 p. :
_bill. ;
_c24 cm.
490 0 _aNew approaches to African history ;
_v10
504 _aIncludes bibliographical references and index.
505 0 _aColonizing African families -- Confrontation and adaptation -- Domesticity and modernization -- Mothers of nationalism -- The struggle continues -- "Messengers of a new design": marriage, family and sexuality -- Women's rights: the second decolonization? -- Empowerment and inequality in a new global age -- Conclusion.
650 7 _aWomen
_zAfrica
_xHistory
_y20th century.
_2BUEsh
650 7 _aFeminism
_zAfrica.
_2BUEsh
650 7 _aWomen
_zAfrica
_xSocial conditions.
_2BUEsh
650 7 _aWomen
_zAfrica
_xEconomic conditions.
_2BUEsh
651 _2BUEsh
653 _bBUSBOL
_cOctober2017
655 _vText book
_933728
830 0 _aNew approaches to African history ;
_v10.
942 _2ddc
999 _c25527
_d25499